000 00440nam a22001817a 4500
003 LK-CoDNM
005 20250205145205.0
008 250131b |||||||| |||| 00| 0 eng d
040 _aLK-CoDNM
_dLK-CoDNM
_eLK-CoDNM
041 _aeng
080 _a106
245 _aA Synopsis Of Fevers and their treatment
250 _aninth
260 _alondon
_bhanger
_c1950
300 _a192p. : ill ; 24 cm
650 _ascience
942 _cBK
999 _c237828
_d237828